How Science Works : (Record no. 7063)
[ view plain ]
| 000 -LEADER | |
|---|---|
| fixed length control field | 01935cam a2200349 a 4500 |
| 001 - CONTROL NUMBER | |
| control field | 15991740 |
| 003 - CONTROL NUMBER IDENTIFIER | |
| control field | OSt |
| 005 - DATE AND TIME OF LATEST TRANSACTION | |
| control field | 20240514164452.0 |
| 008 - FIXED-LENGTH DATA ELEMENTS--GENERAL INFORMATION | |
| fixed length control field | 091120s2010 ne ab b 000 0 eng c |
| 010 ## - LIBRARY OF CONGRESS CONTROL NUMBER | |
| LC control number | 2009941981 |
| 015 ## - NATIONAL BIBLIOGRAPHY NUMBER | |
| National bibliography number | GBA9A9656 |
| Source | bnb |
| 016 7# - NATIONAL BIBLIOGRAPHIC AGENCY CONTROL NUMBER | |
| Record control number | 015416075 |
| Source | Uk |
| 016 7# - NATIONAL BIBLIOGRAPHIC AGENCY CONTROL NUMBER | |
| Record control number | 22779679 |
| Source | bccb |
| 020 ## - INTERNATIONAL STANDARD BOOK NUMBER | |
| International Standard Book Number | 9789048131822 (pbk. : alk. paper) |
| 035 ## - SYSTEM CONTROL NUMBER | |
| System control number | (OCoLC)ocn465370643 |
| 040 ## - CATALOGING SOURCE | |
| Original cataloging agency | UKM |
| Language of cataloging | eng |
| Transcribing agency | DDC |
| Modifying agency | NLGGC |
| -- | CDX |
| -- | IAL |
| -- | YDXCP |
| -- | UUS |
| -- | MUU |
| -- | PZU |
| -- | COH |
| -- | LMR |
| -- | BPJ |
| -- | OCLCQ |
| -- | OBE |
| -- | UKMGB |
| -- | TUU |
| -- | BDX |
| -- | DLC |
| 042 ## - AUTHENTICATION CODE | |
| Authentication code | pcc |
| 050 00 - LIBRARY OF CONGRESS CALL NUMBER | |
| Classification number | QH366.2 |
| Item number | .E5355 2010 |
| 082 ## - DEWEY DECIMAL CLASSIFICATION NUMBER | |
| Classification number | 576.8 ELL 2010 |
| 100 1# - MAIN ENTRY--PERSONAL NAME | |
| Personal name | Ellis, R. John. |
| 9 (RLIN) | 14542 |
| 245 10 - TITLE STATEMENT | |
| Title | How Science Works : |
| Remainder of title | evolution : a student primer |
| 260 ## - PUBLICATION, DISTRIBUTION, ETC. (IMPRINT) | |
| Place of publication, distribution, etc. | New York; |
| Name of publisher, distributor, etc. | Springer, |
| Date of publication, distribution, etc. | c2010. |
| 300 ## - PHYSICAL DESCRIPTION | |
| Extent | xxiii, 100 p. : |
| Other physical details | ill. (chiefly col.), col. map ; |
| Dimensions | 24 cm. |
| 504 ## - BIBLIOGRAPHY, ETC. NOTE | |
| Bibliography, etc | Includes bibliographical references. |
| 505 0# - FORMATTED CONTENTS NOTE | |
| Formatted contents note | The aims of this book -- Two ways of explaining the world -- How science works -- Darwin's theory of evolution -- The evidence for evolution -- The evolution of eyes -- Concluding remarks. |
| 520 ## - SUMMARY, ETC. | |
| Summary, etc. | "Evolution is just a theory, isn't it? What is a scientific theory anyway? Don't scientists prove things? What is the difference between a fact, a hypothesis and a theory in science? How does scientific thinking differ from religious thinking? Why are most leading scientists atheists? Are science and religion compatible? Why are there so many different religious beliefs but only one science? What is the evidence for evolution? Why does evolution occur? If you are interested in any of these questions and have some knowledge of biology, this book is for you."--P. [4] of cover. |
| 650 #0 - SUBJECT ADDED ENTRY--TOPICAL TERM | |
| Topical term or geographic name as entry element | Biology |
| 9 (RLIN) | 5602 |
| 650 #0 - SUBJECT ADDED ENTRY--TOPICAL TERM | |
| Topical term or geographic name as entry element | Evolution |
| 9 (RLIN) | 8680 |
| 906 ## - LOCAL DATA ELEMENT F, LDF (RLIN) | |
| a | 7 |
| b | cbc |
| c | pccadap |
| d | 2 |
| e | epcn |
| f | 20 |
| g | y-gencatlg |
| 942 ## - ADDED ENTRY ELEMENTS (KOHA) | |
| Source of classification or shelving scheme | Dewey Decimal Classification |
| Koha item type | Open Shelf |
| Withdrawn status | Lost status | Source of classification or shelving scheme | Damaged status | Not for loan | Home library | Current library | Date acquired | Source of acquisition | Inventory number | Total Checkouts | Full call number | Barcode | Date last seen | Koha item type |
|---|---|---|---|---|---|---|---|---|---|---|---|---|---|---|
| Dewey Decimal Classification | MUST Main Library | MUST Main Library | 31/08/2021 | Donation | 14/38376 | 576.8 ELL 2010 | 2021-0750 | 31/08/2021 | Open Shelf |
